000 00295nam a22001337a 4500
008 181203b xxu||||| |||| 00| 0 eng d
020 _a9783791349787
041 _aeng
080 _a701
100 _a44
101 _aART
245 _aImpressionism Reimagining Art
_cWolf,N
942 _2udc
_cBK
999 _c52698
_d52698